Регионална библиотека "Любен Каравелов" - Русе

Най-големите гафове в науката (Запис номер 104288)

MARC детайли
000 -Лидер
Контролно поле с фиксирана дължина 01345nam a2200361 c 4500
003 - Код на организацията, давaща контролен номер
Контролно поле BLK
005 - Дата и час на последна редакция
Контролно поле 20230321121328.0
008 - Елементи от данни с фиксирана дължина
fixed length control field 180409b bul|||||r ||||||| ||bul||
010 ## - Наследен системен номер
LC control number KNG00109391000
020 ## - Международен стандартен номер на книга ISBN
Международен стандартен номер на книга ISBN 954-91332-9-Х
-- издат.: Анимар
040 ## - Източник на каталожния запис
Идентификатор на билиотеката - собственик на записа BLK
041 ## - Код за език
Код за езика на текст/звукозапис или на отделно заглавие Български
Код за езика КДБФ Български
080 ## - УДК
Текстов определител УДК Наука. Наукознание. Организация на умствения труд
УДК код - определител по УДК 001
УДК определител (100)(091)
УДК - код + определител 001(100)(091)
100 1# - Редна дума - Автор
Автор Йънгсън, Робърт
Авторска отговорност първи автор
R(LIN) 74508
139 ## - Редно поле
Редна дума Йънгсън, Робърт
Авторски знак Иш - И 99
245 10 - Сведения за заглавието
Заглавие Най-големите гафове в науката
Редно поле (дума) Робърт Йънгсън; прев. от англ. Ангелина Долева.
257 ## - Страна на издаване
Страна на създаване/издаване Великобритания
260 ## - Област на издателските данни
-- София
Име на издателя, разпространителя и проч. Анимар
Година на издаване 2003
300 ## - Физическа характеристика
Страници 360 с.
Размери/Мащаб 21 см
380 ## - Жанр
Жанр Общ отдел
500 ## - Общи забележки
Забележка Ориг. загл. Scientific blunders / Robert Youngson. - Библиогр. с. 352-355.
504 ## - Забележка за наличие на библиография и др
Забележка за наличие на библиография и под. 352-355
650 #4 - Допълнително описание по предмет – тема
Основно описание – тема или топоним Наука - история
9 (RLIN) 244173
653 ## - Ключова дума – ненормативна
Ключова дума наука
653 ## - Ключова дума – ненормативна
Ключова дума история на науката
653 ## - Ключова дума – ненормативна
Ключова дума гафове
700 1# - Други автори (авторска отговорност)
Лично име Долева, Ангелина
Автороска отговорност (Описва отношението между автора и произведението) прев. от англ.
9 (RLIN) 64165
852 ## - Местоположение
Форматна сигнатура Цб 216957
856 4# - Електронен адрес и достъп
Електронен формат pdf - файл
Път до файла /url/
856 4# - Електронен адрес и достъп
Електронен формат pdf - файл
Път до файла /url/
942 ## - АРТИКУЛИ
Вид на библиотечния материал Книги
Скрит в OPAC Не
Koha issues (borrowed), all copies 5
944 ## - СЪЗДАВАНЕ И РЕДАКЦИЯ на ЗАПИСА
Създаване/Редакция Създаване
Дата на регистрацията/редакция 04.12.2003
Служител, извършил регистрацията/редакцията Цветанка_Енчева
944 ## - СЪЗДАВАНЕ И РЕДАКЦИЯ на ЗАПИСА
Създаване/Редакция Редакция
Дата на регистрацията/редакция 11.11.2004
Служител, извършил регистрацията/редакцията
999 ## - СИСТЕМНИ КОНТРОЛНИ НОМЕРА
Koha biblionumber 104288
Koha biblioitemnumber 104288
Наличности
Код за отписване Код за изгубен артикул Код за повреда Коз за рестрикции Код за отдаване Артикулен № Име на библиотеката - собственик Име на библиотеката, в която се намира в момента Статус (Текущо местоположение) Дата на вписване в системата Местоположение - отдел Цена в лева Инвентарен номер Систематично азбучна сигнатура Баркод Номер на екземпляра Цена в евро Служебна бележка Служебен тип на артикула Източник на класификационната схема
  Не е изгубен Не е повреден без рестрикции заемане за дома 168387 Регионална библиотека "Любен Каравелов" Русе Регионална библиотека "Любен Каравелов" Русе Заемна - подръчен фонд 2003-12-04 Заемна - подръчен фонд 9.99 120000680621 П 001/И 99 120000680621 1 5.11 Дост: Pk Вид: Ф N: 37 Дата: 03.12.2003 Дата инв: 01.02.2018 Бележки инв: П2018 Книги  
  Не е изгубен Не е повреден без рестрикции ползва се в читалня 168388 Регионална библиотека "Любен Каравелов" Русе Регионална библиотека "Любен Каравелов" Русе Хранилище 2004-10-18 Хранилище 9.99 120000689385 Цб 216957 120000689385 2 5.11 Дост: Dp Вид: Д N: 50 Дата: 03.12.2003 Книги  
  Не е изгубен Не е повреден без рестрикции заемане за дома 833467 Регионална библиотека "Любен Каравелов" Русе Регионална библиотека "Любен Каравелов" Русе Заемна - подръчен фонд 2021-05-31 Заемна - подръчен фонд 9.99   001/И 99 Р 120000855361   5.11   Книги Universal Decimal Classification
Vip Innovations Ltd, Rousse, Bulgaria 2025